| 000 | 00593nam a22001817a 4500 | ||
|---|---|---|---|
| 003 | OSt | ||
| 005 | 20251021021825.0 | ||
| 008 | 251021b |||||||| |||| 00| 0 eng d | ||
| 020 | _a0-933280-71-8 | ||
| 040 |
_aDWCL-Main lib _cOC |
||
| 082 | _aCiirc. 346.7304 Sc634 1988 | ||
| 100 | _aSly, P. | ||
| 245 |
_aReserved water rights settlement manual _bSly, Peter W. |
||
| 260 |
_aWashington, D.C. : I _bsland Press, _cc1988 |
||
| 300 |
_axviii, 259 p.ages ; _c23 cm. |
||
| 504 | _aIncludes index | ||
| 942 |
_2ddc _cBK-CIRC _hCirc. 346.7304 Sc634 1988 _kCirc. _n0 |
||
| 999 |
_c4955 _d4955 |
||